000
00212 a2200097 4500
001
32673
100
_a
Bliven, B
245
_a
The world changers
260
_a
London
_b
Frederick Muller
_c
090
_c
21874
_d
21874
942
_a
NUST-CAE
_c
M
_c
13196
999
_c
267746
_d
267746